| 000 | 00598cam a2200217 4500 | ||
|---|---|---|---|
| 001 | H23 | ||
| 008 | 090401t1979 xxu||||| |||| 00| 0 eng d | ||
| 035 | _a(Sirsi) u36491 | ||
| 041 | _aeng | ||
| 050 | _a693.82 | ||
| 110 |
_aRead R.E.H. _91915 |
||
| 245 | _aFire and the use of timber and other combustible materials | ||
| 260 |
_aGarston, Watford _bBuilding Research Establishment _c1979 |
||
| 300 | _a4p. ; 30cm. | ||
| 350 | _a0 | ||
| 490 |
_aBRE Information Paper _v37/79 s |
||
| 650 |
_aBUILDING REGULATIONS _96224 |
||
| 650 | _aCOMBUSTIBLE MATERIALS | ||
| 942 | _n0 | ||
| 948 | _c04/03/1997 | ||
| 999 |
_c90299 _d90299 |
||